[Event "DVM U20 2013"]
[Site "Osnabrück GER"]
[Date "2013.12.30"]
[Round "7"]
[White "Reisberg, Andre"]
[Black "Linnemann, Niklas"]
[Result "1-0"]
[Termination "normal"]
[Board "4.2"]
[WhiteElo "1994"]
[BlackElo "1972"]
[WhiteTeam "SF Dortmund-Brackel 1930"]
[BlackTeam "TuS Coswig 1920"]
[WhiteFideId "1270630"]
[BlackFideId "24695645"]
[EventCountry "GER"]
[EventRounds "7"]
[EventType "team-swiss"]
[EventDate "2013.12.26"]

1. d4 Nf6 2. c4 g6 3. Nc3 d5 4. cxd5 Nxd5 5. Bd2 Bg7 6. e4 Nb6 7. Be3 O-O 8. h3
Nc6 9. Nf3 f5 10. exf5 Bxf5 11. d5 Nb4 12. Rc1 Bxc3+ 13. bxc3 N4xd5 14. Bh6 Re8
15. g4 Be4 16. Qe2 Nf6 17. Ng5 Qd5 18. f3 Bxf3 19. Nxf3 Ne4 20. c4 Qa5+ 21. Nd2
Nc5 22. Kf2 e5 23. Nb3 Qb4 24. Nxc5 Qxc5+ 25. Qe3 Qa5 26. Rc2 Rad8 27. Bg2 c6
28. h4 Rd4 29. Bf1 Nd7 30. Rd2 c5 31. Rxd4 cxd4 32. Qd2 Qb6 33. Bg2 e4 34. Qc1
Ne5 35. Kg3 Nd3 36. Qd2 Qd6+ 37. Bf4 Qe6 38. Qxd3 exd3 39. Bd5 Qxd5 40. cxd5 d2
41. Rd1 Rc8 42. Rxd2 Rc3+ 43. Kg2 d3 44. Kf3 1-0

[Event "DVM U20 2013"]
[Site "Osnabrück GER"]
[Date "2013.12.30"]
[Round "7"]
[White "Müller, Richard"]
[Black "Schwiddessen, Jan"]
[Result "0-1"]
[Termination "normal"]
[Board "4.3"]
[WhiteElo "2122"]
[BlackElo "1877"]
[WhiteTeam "TuS Coswig 1920"]
[BlackTeam "SF Dortmund-Brackel 1930"]
[WhiteFideId "24647128"]
[BlackFideId "1270631"]
[EventCountry "GER"]
[EventRounds "7"]
[EventType "team-swiss"]
[EventDate "2013.12.26"]

1. d4 Nf6 2. c4 g6 3. Nc3 Bg7 4. e4 d6 5. f3 O-O 6. Be3 e5 7. d5 a5 8. Bd3 Na6
9. Nge2 Bd7 10. Qd2 Nc5 11. Bc2 Ne8 12. O-O-O f5 13. exf5 Bxf5 14. Ng3 Bxc2 15.
Kxc2 Qh4 16. b3 Bf6 17. Nge4 Nxe4 18. Nxe4 a4 19. b4 Ng7 20. Rde1 Nf5 21. Bf2
Qf4 22. Qxf4 exf4 23. Nxf6+ Rxf6 24. Re4 g5 25. Rhe1 h5 26. Kd3 Kf7 27. h4 Kg6
28. Bd4 Nxd4 29. Kxd4 gxh4 30. Rh1 Kg5 31. Re7 Rc8 32. c5 Rg6 33. Rc1 h3 34.
gxh3 Kh4 35. Ke4 dxc5 36. bxc5 Rg2 37. Rf7 Rxa2 38. Rxf4+ Kxh3 39. Rf7 a3 40.
Rc3 Re2+ 41. Kf5 Ra8 42. f4+ Kg2 43. Rg7+ Kf2 44. Rxc7 a2 45. Rc1 Re1 46. Rc2+
Kf3 47. Rxa2 Rxa2 48. Rxb7 Ra5 49. Rb3+ Re3 50. Rxe3+ Kxe3 51. Ke6 Rxc5 52. f5
Ke4 53. d6 Rxf5 54. d7 Rd5 0-1

[Event "DVM U20 2013"]
[Site "Osnabrück GER"]
[Date "2013.12.30"]
[Round "7"]
[White "Tekin, Baran"]
[Black "Pönisch, Johannes"]
[Result "0-1"]
[Termination "normal"]
[Board "4.4"]
[WhiteElo "1779"]
[BlackElo "1987"]
[WhiteTeam "SF Dortmund-Brackel 1930"]
[BlackTeam "TuS Coswig 1920"]
[WhiteFideId "12945633"]
[BlackFideId "24603201"]
[EventCountry "GER"]
[EventRounds "7"]
[EventType "team-swiss"]
[EventDate "2013.12.26"]

1. d4 d5 2. Nf3 Nf6 3. c4 dxc4 4. Nc3 c5 5. e3 e6 6. Bxc4 Nc6 7. O-O cxd4 8.
Nxd4 Nxd4 9. exd4 Be7 10. d5 exd5 11. Nxd5 Nxd5 12. Qxd5 O-O 13. Qxd8 Rxd8 14.
Be3 Bf6 15. Rad1 Bf5 16. b3 b6 17. Rd5 Rxd5 18. Bxd5 Rd8 19. Bf3 h6 20. Rc1 Be5
21. Rd1 Rxd1+ 22. Bxd1 Bb1 23. a4 Bd3 24. h4 Kf8 25. Bf3 Ke7 26. Bd5 f6 27. g3
Kd6 28. Bf7 Kc6 29. Kg2 Be4+ 30. Kf1 Bd5 31. Bxd5+ Kxd5 32. Ke2 Bd4 33. Kd3
Bxe3 34. fxe3 f5 35. h5 a6 36. b4 b5 37. axb5 axb5 38. Kc3 Ke4 39. Kd2 Kf3 40.
Kd3 Kxg3 41. Kd4 Kf3 42. Ke5 Kg4 43. Ke6 Kg5 44. Ke5 g6 45. hxg6 Kxg6 46. Kf4
h5 47. e4 fxe4 48. Kxe4 h4 49. Kf4 h3 50. Kg3 Kf5 51. Kxh3 Ke4 0-1

[Event "DVM U20 2013"]
[Site "Osnabrück GER"]
[Date "2013.12.30"]
[Round "7"]
[White "von Koslowski, Utz"]
[Black "Raschkowski, Alexander"]
[Result "1/2-1/2"]
[Termination "normal"]
[Board "4.5"]
[WhiteElo "1764"]
[BlackElo "1748"]
[WhiteTeam "TuS Coswig 1920"]
[BlackTeam "SF Dortmund-Brackel 1930"]
[WhiteFideId "12964247"]
[BlackFideId "12964263"]
[EventCountry "GER"]
[EventRounds "7"]
[EventType "team-swiss"]
[EventDate "2013.12.26"]

1. Nf3 d5 2. d4 Nf6 3. c4 e6 4. Nc3 Bb4 5. Bg5 c6 6. e3 Qa5 7. Rc1 Ne4 8. Qc2
Qxa2 9. Bd3 Bxc3+ 10. bxc3 Qxc2 11. Rxc2 Nxg5 12. Nxg5 h6 13. Nf3 O-O 14. O-O
Nd7 15. Ra2 Re8 16. cxd5 exd5 17. Rb1 Nf6 18. Ne5 Ne4 19. Bxe4 dxe4 20. Ra3 f6
21. Nc4 b5 22. Nb6 Rb8 23. Nxc8 Rexc8 24. Rxa7 c5 25. dxc5 Rxc5 26. Ra3 Rbc8
27. h3 Rxc3 28. Rxc3 Rxc3 29. Rxb5 Kf7 30. g4 Rc4 31. Kg2 g5 32. h4 Rc7 33. Rb4
Re7 34. h5 Kg7 35. Kf1 Kf7 36. Ke2 Kg7 37. Kd2 Kf7 38. Kc3 Rc7+ 39. Kd4 Re7 40.
Rb5 Kg7 41. Rd5 Kf7 42. Rd6 Re5 43. Rd7+ Kg8 44. Rd5 Re7 45. Kc5 Ra7 46. Rd6
Kf7 47. Kd5 Ra2 48. Rd7+ Kg8 49. Kxe4 Rxf2 50. Rc7 Rf1 51. Rc5 Kf7 52. Rd5 Rf2
53. Rd8 Rf1 54. Rc8 Rf2 55. Rc7+ Kg8 56. Rc4 Kf7 57. Kd5 Rd2+ 58. Rd4 Ra2 59.
Rb4 Rd2+ 60. Ke4 Rf2 61. Rb7+ Kg8 62. Ra7 Rf1 63. Ra8+ 1/2-1/2

[Event "DVM U20 2013"]
[Site "Osnabrück GER"]
[Date "2013.12.30"]
[Round "7"]
[White "Schröder, Kevin"]
[Black "Fritsche, Oliver"]
[Result "1/2-1/2"]
[Termination "normal"]
[Board "5.1"]
[WhiteElo "2129"]
[BlackElo "1850"]
[WhiteTeam "LSV Turm Lippstadt"]
[BlackTeam "SK Doppelbauer Kiel"]
[WhiteFideId "12929840"]
[BlackFideId "12913650"]
[EventCountry "GER"]
[EventRounds "7"]
[EventType "team-swiss"]
[EventDate "2013.12.26"]

1. Nf3 f5 2. d3 d5 3. g3 Nf6 4. Bg2 e6 5. O-O Be7 6. Nc3 O-O 7. e4 b6 8. e5
Nfd7 9. Ne2 Qe8 10. c4 c6 11. Nf4 Qf7 12. Nd4 Nxe5 13. Re1 Bf6 14. cxd5 cxd5
15. Ndxe6 Bxe6 16. d4 Rd8 17. dxe5 Be7 18. Qa4 Nd7 19. Bxd5 Nc5 20. Bxe6 Nxe6
21. Nxe6 Qxe6 22. Qb3 Kf7 23. Qxe6+ Kxe6 24. Be3 Rac8 25. Rac1 Bb4 26. Red1
Rxd1+ 27. Rxd1 Rc2 28. a3 1/2-1/2

[Event "DVM U20 2013"]
[Site "Osnabrück GER"]
[Date "2013.12.30"]
[Round "7"]
[White "Beeck, Mats"]
[Black "Tran, Duc Cuong"]
[Result "1/2-1/2"]
[Termination "normal"]
[Board "5.2"]
[WhiteElo "1840"]
[BlackElo "2086"]
[WhiteTeam "SK Doppelbauer Kiel"]
[BlackTeam "LSV Turm Lippstadt"]
[WhiteFideId "12936944"]
[BlackFideId "24689718"]
[EventCountry "GER"]
[EventRounds "7"]
[EventType "team-swiss"]
[EventDate "2013.12.26"]

1. e4 c5 2. Nf3 e6 3. Nc3 a6 4. d4 cxd4 5. Nxd4 Qc7 6. g3 Nc6 7. Bg2 Nf6 8. O-O
Be7 9. a4 O-O 10. Be3 Ne5 11. h3 Nc4 12. Bc1 d6 13. b3 Ne5 14. Nce2 Bd7 15. f4
Nc6 16. Bb2 Rac8 17. c4 Rfd8 18. g4 Nxd4 19. Nxd4 b5 20. g5 bxc4 21. gxf6 Bxf6
22. Rc1 Qb6 23. Kh1 cxb3 24. a5 Qb4 1/2-1/2

[Event "DVM U20 2013"]
[Site "Osnabrück GER"]
[Date "2013.12.30"]
[Round "7"]
[White "Kuckling, Jonas"]
[Black "Pluska, Alexander"]
[Result "0-1"]
[Termination "normal"]
[Board "5.3"]
[WhiteElo "1625"]
[BlackElo "1873"]
[WhiteTeam "LSV Turm Lippstadt"]
[BlackTeam "SK Doppelbauer Kiel"]
[WhiteFideId "24603856"]
[BlackFideId "12975141"]
[EventCountry "GER"]
[EventRounds "7"]
[EventType "team-swiss"]
[EventDate "2013.12.26"]

1. d4 d5 2. c4 e6 3. Nc3 c6 4. Nf3 Nf6 5. Bg5 h6 6. Bh4 g5 7. Bg3 dxc4 8. a4
Bb4 9. h4 g4 10. Ne5 b5 11. axb5 cxb5 12. h5 Ne4 13. Rc1 Nxg3 14. fxg3 Bb7 15.
e3 Qg5 16. Qe2 Nc6 17. Nxg4 f5 18. Nf2 Nxd4 19. exd4 Qxc1+ 20. Nfd1 Bxc3+ 21.
bxc3 Be4 22. g4 O-O-O 23. gxf5 exf5 24. Rh3 Rde8 25. Re3 Bc6 26. Re6 Kd7 27.
Re5 Rxe5 28. dxe5 Re8 29. Qf2 Rxe5+ 30. Be2 Qa3 31. Qd4+ Ke6 32. g4 Qe7 33.
gxf5+ Kf7 34. Qg4 Rxe2+ 35. Qxe2 Qxe2+ 36. Kxe2 Kf6 37. Ne3 Be8 38. Kf2 Bxh5
39. Kg3 Be2 40. Kf4 h5 41. Nd5+ Kf7 42. Kg5 Bf3 43. Nf4 a5 44. Ng6 Bg4 45. Ne5+
Kf8 46. f6 a4 47. f7 Be6 0-1

[Event "DVM U20 2013"]
[Site "Osnabrück GER"]
[Date "2013.12.30"]
[Round "7"]
[White "Wanner, Lukas"]
[Black "Kuckling, Linus"]
[Result "0-1"]
[Termination "normal"]
[Board "5.4"]
[WhiteElo "1729"]
[BlackElo "1672"]
[WhiteTeam "SK Doppelbauer Kiel"]
[BlackTeam "LSV Turm Lippstadt"]
[WhiteFideId "12918148"]
[BlackFideId "24658243"]
[EventCountry "GER"]
[EventRounds "7"]
[EventType "team-swiss"]
[EventDate "2013.12.26"]

1. d4 Nf6 2. Nf3 g6 3. Nc3 Bg7 4. e4 d6 5. Be3 O-O 6. Qd2 Ng4 7. Bg5 h6 8. Bh4
Nd7 9. O-O-O c6 10. Bd3 b5 11. h3 Ngf6 12. g4 b4 13. Ne2 Qa5 14. Kb1 c5 15. g5
hxg5 16. Nxg5 cxd4 17. Nxd4 Bb7 18. a3 Qc7 19. axb4 a5 20. f3 axb4 21. Qxb4 Ba6
22. Bf2 Bxd3 23. Rxd3 Nc5 24. Ra3 Rab8 25. Qd2 Rb7 26. Re1 Rfb8 27. b3 Ra7 28.
Rxa7 Qxa7 29. e5 Ra8 30. Qc3 Nd5 31. Qb2 Bxe5 32. Rxe5 dxe5 33. Nc6 Qa6 0-1

[Event "DVM U20 2013"]
[Site "Osnabrück GER"]
[Date "2013.12.30"]
[Round "7"]
[White "Scheer, Maximilian"]
[Black "Rieper, Julian"]
[Result "1/2-1/2"]
[Termination "normal"]
[Board "5.5"]
[WhiteElo "1752"]
[BlackElo "1674"]
[WhiteTeam "LSV Turm Lippstadt"]
[BlackTeam "SK Doppelbauer Kiel"]
[WhiteFideId "12927732"]
[BlackFideId "12936960"]
[EventCountry "GER"]
[EventRounds "7"]
[EventType "team-swiss"]
[EventDate "2013.12.26"]

1. e4 e6 2. d4 d5 3. exd5 exd5 4. Bd3 Bd6 5. Nf3 Ne7 6. O-O Bf5 7. Re1 Bxd3 8.
Qxd3 h6 9. Qb5+ Nbc6 10. Qxb7 O-O 11. Qb3 Nf5 12. c3 g5 13. Qc2 Qf6 14. h3 Nce7
15. Ne5 Rad8 16. b3 Rfe8 17. Qd1 c6 18. Ba3 Bc7 19. Nd2 Qg7 20. Qg4 Nd6 21. Re2
f6 22. Nd3 f5 23. Qh5 Ng6 24. Rae1 Rxe2 25. Qxe2 Re8 26. Qd1 Ne4 27. f3 Nf6 28.
Rxe8+ Nxe8 29. Qe2 Qf7 30. Kf2 Ng7 31. Nf1 f4 32. Nb4 Qd7 33. Na6 Bb6 1/2-1/2

[Event "DVM U20 2013"]
[Site "Osnabrück GER"]
[Date "2013.12.30"]
[Round "7"]
[White "Petersen, Finn Christopher"]
[Black "Valledor Pereira, Dominik Damian"]
[Result "0-1"]
[Termination "normal"]
[Board "5.6"]
[WhiteElo "1612"]
[BlackElo "1571"]
[WhiteTeam "SK Doppelbauer Kiel"]
[BlackTeam "LSV Turm Lippstadt"]
[WhiteFideId "12964840"]
[BlackFideId "1271860"]
[EventCountry "GER"]
[EventRounds "7"]
[EventType "team-swiss"]
[EventDate "2013.12.26"]

1. e4 c5 2. Nc3 g6 3. f4 Bg7 4. Nf3 Nc6 5. Bb5 Nd4 6. O-O a6 7. Be2 d6 8. Kh1
Nf6 9. d3 O-O 10. Nxd4 cxd4 11. Nb1 Qc7 12. c4 Nd7 13. Qe1 Nc5 14. f5 Bd7 15.
Qh4 b5 16. Bh6 f6 17. Rf3 g5 18. Qh3 Qd8 19. Rg3 Qe8 20. Nd2 e6 21. Bg4 e5 22.
Be2 Qe7 23. Nf3 Bxh6 24. Qxh6 Qg7 25. Qh5 h6 26. h4 Be8 27. Qg4 h5 28. Qh3 g4
29. Qh2 Kh7 30. Ne1 Qh6 31. Bd1 Qd2 32. Bc2 Qf4 33. Kg1 bxc4 34. Rd1 Rb8 35.
dxc4 Nxe4 36. Bxe4 Qxe4 37. b3 Qxf5 38. Nd3 e4 39. Rf1 Qe6 40. Nf4 Qe5 41. Nd5
f5 42. Kf2 f4 0-1

[Event "DVM U20 2013"]
[Site "Osnabrück GER"]
[Date "2013.12.30"]
[Round "7"]
[White "Rau, Nikita"]
[Black "Mao, Kevin"]
[Result "1/2-1/2"]
[Termination "normal"]
[Board "6.1"]
[WhiteElo "1941"]
[BlackElo "1951"]
[WhiteTeam "Hagener SV"]
[BlackTeam "SK Gernsheim"]
[WhiteFideId "12902543"]
[BlackFideId "1271183"]
[EventCountry "GER"]
[EventRounds "7"]
[EventType "team-swiss"]
[EventDate "2013.12.26"]

1. Nf3 Nc6 2. d3 e5 3. e4 Bc5 4. g3 d6 5. Bg2 f5 6. O-O Nf6 7. Nbd2 O-O 8. c3
Qe8 9. d4 exd4 10. cxd4 Nxd4 11. Nxd4 Bxd4 12. Nc4 Bc5 13. exf5 Bxf5 14. Bxb7
Bh3 15. Re1 Qf7 16. Ne3 Rab8 17. Bg2 Bxg2 18. Kxg2 Bxe3 19. Rxe3 Rb4 20. f4 Qc4
21. b3 Qc6+ 22. Kg1 Re4 23. Rxe4 Qxe4 24. Bb2 Re8 25. Qd4 c5 26. Qxe4 Nxe4 27.
Rd1 Kf7 28. Kg2 Rd8 29. Rd5 g6 30. Kf3 Nf6 31. Bxf6 Kxf6 32. g4 Ke6 33. Ke4 Re8
34. f5+ Kd7+ 35. Kf3 gxf5 36. Rxf5 Re7 37. h4 Ke6 38. Ke4 a5 39. g5 Rf7 40.
Rxf7 d5+ 41. Kf4 Kxf7 42. h5 Ke6 43. a3 Kf7 1/2-1/2

[Event "DVM U20 2013"]
[Site "Osnabrück GER"]
[Date "2013.12.30"]
[Round "7"]
[White "Di Capua, Francesco Stefano"]
[Black "Beinke, Lukas"]
[Result "1-0"]
[Termination "normal"]
[Board "6.2"]
[WhiteElo "1818"]
[BlackElo "1910"]
[WhiteTeam "SK Gernsheim"]
[BlackTeam "Hagener SV"]
[WhiteFideId "24698903"]
[BlackFideId "12902535"]
[EventCountry "GER"]
[EventRounds "7"]
[EventType "team-swiss"]
[EventDate "2013.12.26"]

1. e4 d5 2. exd5 Qxd5 3. Nc3 Qa5 4. d4 Nf6 5. Nf3 Bg4 6. h3 Bxf3 7. Qxf3 c6 8.
Bc4 e6 9. Bd2 Qc7 10. O-O Bd6 11. Ne4 Nxe4 12. Qxe4 Nd7 13. Qg4 O-O-O 14. Qxg7
Nb6 15. Be2 Nd5 16. Qh6 Rdg8 17. Qh4 Bf4 18. Rad1 Bxd2 19. Rxd2 Nf4 20. Bf3 Rg6
21. g3 Nd5 22. Bxd5 cxd5 23. Qh5 Qa5 24. Rd3 Qxa2 25. Qe5 Rd8 26. Rc3+ Kd7 27.
Rc7+ Ke8 28. Qh8+ 1-0

[Event "DVM U20 2013"]
[Site "Osnabrück GER"]
[Date "2013.12.30"]
[Round "7"]
[White "Rieping, Heiner"]
[Black "Müller, Markus"]
[Result "1/2-1/2"]
[Termination "normal"]
[Board "6.3"]
[WhiteElo "1900"]
[BlackElo "1807"]
[WhiteTeam "Hagener SV"]
[BlackTeam "SK Gernsheim"]
[WhiteFideId "24647012"]
[BlackFideId "24660590"]
[EventCountry "GER"]
[EventRounds "7"]
[EventType "team-swiss"]
[EventDate "2013.12.26"]

1. e4 c5 2. Nf3 a6 3. d4 cxd4 4. Nxd4 e5 5. Nf3 Nf6 6. Bc4 Qc7 7. Qe2 Nc6 8.
O-O d6 9. Ng5 Nd4 10. Qd3 Be6 11. Nxe6 Nxe6 12. Bxe6 fxe6 13. Be3 Be7 14. c4
O-O 15. b3 Rad8 16. Nc3 Rd7 17. Rac1 Qa5 18. Bd2 Qa3 19. Nb1 Qc5 20. Be3 Qa5
21. Bd2 Qc5 22. Nc3 Qa3 23. Qh3 Kf7 24. Bg5 h6 25. Bxf6 Bxf6 26. Nd5 Qxa2 27.
Rc3 Qd2 28. Rg3 Rdd8 29. Nc7 Rde8 30. Nxe8 Rxe8 31. Rd3 Qb4 32. Rfd1 Rd8 33.
Kf1 b6 34. Rf3 a5 35. Ra1 Ke7 36. Rd3 Bg5 37. Qg3 Rf8 38. Rf3 Bf6 39. Ke2 Bg5
40. Rd3 Bf6 1/2-1/2

[Event "DVM U20 2013"]
[Site "Osnabrück GER"]
[Date "2013.12.30"]
[Round "7"]
[White "Fornoff, Robin"]
[Black "Pappert, Florian"]
[Result "1-0"]
[Termination "normal"]
[Board "6.4"]
[WhiteElo "1912"]
[BlackElo "1754"]
[WhiteTeam "SK Gernsheim"]
[BlackTeam "Hagener SV"]
[WhiteFideId "24698890"]
[EventCountry "GER"]
[EventRounds "7"]
[EventType "team-swiss"]
[EventDate "2013.12.26"]

1. e4 e5 2. Bc4 Nf6 3. Nf3 Nc6 4. Ng5 d5 5. exd5 Na5 6. Bb5+ c6 7. dxc6 bxc6 8.
Bd3 Bd6 9. Nc3 O-O 10. Qe2 Bd7 11. Nce4 Nxe4 12. Nxe4 Bc7 13. b4 Nb7 14. h4 Kh8
15. Qh5 g6 16. Qh6 f5 17. Ng5 Qe7 18. h5 Qg7 19. hxg6 Qxh6 20. Rxh6 1-0

[Event "DVM U20 2013"]
[Site "Osnabrück GER"]
[Date "2013.12.30"]
[Round "7"]
[White "Balazs, Kata"]
[Black "Rothermel, Tim"]
[Result "1-0"]
[Termination "normal"]
[Board "6.5"]
[WhiteElo "1555"]
[BlackElo "1759"]
[WhiteTeam "Hagener SV"]
[BlackTeam "SK Gernsheim"]
[WhiteFideId "12922773"]
[BlackFideId "24660647"]
[EventCountry "GER"]
[EventRounds "7"]
[EventType "team-swiss"]
[EventDate "2013.12.26"]

1. d4 Nf6 2. c4 c5 3. d5 b5 4. cxb5 a6 5. bxa6 Bxa6 6. Nc3 d6 7. Nf3 g6 8. Nd2
Nbd7 9. e4 Bxf1 10. Nxf1 Qa5 11. Nd2 Ne5 12. O-O Bg7 13. Qc2 O-O 14. Re1 e6 15.
f4 Neg4 16. h3 Nh6 17. dxe6 fxe6 18. e5 Nh5 19. exd6 Bd4+ 20. Kh1 Nxf4 21. Nb3
Qd8 22. g3 Nxh3 23. Bxh6 Rf2 24. Re2 Qf6 25. Rxf2 Nxf2+ 26. Kg2 Ng4 27. Rf1 Qd8
28. Qd2 Qxd6 29. Qf4 Ne3+ 30. Kh3 Qxf4 31. Rxf4 Nf5 32. Bg5 h6 33. Bxh6 Nxh6
34. Nxd4 cxd4 35. Rxd4 Rb8 36. b4 Nf5 37. Re4 Kf7 38. a4 Ke7 39. b5 Kd6 40. g4
Rc8 41. Ne2 Kd5 42. Rb4 Kc5 43. Rb1 Rh8+ 44. Kg2 Ne3+ 45. Kf3 Nd5 46. a5 Rf8+
47. Kg3 g5 48. b6 Nb4 49. Nc3 Kc4 50. Ne4 Kb5 51. a6 Ka5 52. a7 1-0

[Event "DVM U20 2013"]
[Site "Osnabrück GER"]
[Date "2013.12.30"]
[Round "7"]
[White "Borowski, Tim"]
[Black "Vogel, Jannis"]
[Result "1-0"]
[Termination "normal"]
[Board "6.6"]
[WhiteElo "1353"]
[BlackElo "1513"]
[WhiteTeam "SK Gernsheim"]
[BlackTeam "Hagener SV"]
[WhiteFideId "24698962"]
[BlackFideId "4635744"]
[EventCountry "GER"]
[EventRounds "7"]
[EventType "team-swiss"]
[EventDate "2013.12.26"]

1. e4 e6 2. d4 d5 3. e5 c5 4. Nf3 Nc6 5. c3 Qb6 6. a3 Bd7 7. Be2 cxd4 8. cxd4
Nge7 9. O-O Nf5 10. a4 Nfxd4 11. Nxd4 Nxe5 12. a5 Qc7 13. Nb5 Qc6 14. Bf4 Bd6
15. N1a3 Nf3+ 16. Bxf3 Bxf4 17. g3 Bg5 18. h4 Bh6 19. g4 Bf4 20. Qd4 e5 21.
Qxd5 O-O 22. Qxc6 bxc6 23. Rfd1 Bxg4 24. Bxg4 cxb5 25. Nxb5 Rab8 26. Nxa7 Rxb2
27. Nc6 f5 28. Bxf5 g6 29. Be6+ Kh8 30. Rd8 Rxd8 31. Nxd8 e4 32. a6 e3 33. a7
Bh2+ 34. Kxh2 exf2 35. Kg3 f1=Q 36. Rxf1 Ra2 37. Bxa2 1-0

[Event "DVM U20 2013"]
[Site "Osnabrück GER"]
[Date "2013.12.30"]
[Round "7"]
[White "Carow, Johannes"]
[Black "Pfatteicher, Lukas"]
[Result "1-0"]
[Termination "normal"]
[Board "7.1"]
[WhiteTitle "FM"]
[WhiteElo "2399"]
[BlackElo "2001"]
[WhiteTeam "Sfr.Heidesheim"]
[BlackTeam "Karlsruher SF 1853"]
[WhiteFideId "24692050"]
[BlackFideId "12968919"]
[EventCountry "GER"]
[EventRounds "7"]
[EventType "team-swiss"]
[EventDate "2013.12.26"]

1. d4 Nf6 2. c4 g6 3. Nc3 Bg7 4. e4 d6 5. f3 O-O 6. Be3 c5 7. Nge2 Nc6 8. d5
Ne5 9. Ng3 e6 10. Be2 exd5 11. cxd5 a6 12. Qd2 b5 13. Bh6 Bxh6 14. Qxh6 c4 15.
O-O Bd7 16. Kh1 Qe7 17. Nd1 Rfc8 18. Ne3 Kh8 19. Nc2 Rab8 20. Qd2 Kg7 21. h3
Nd3 22. Bxd3 cxd3 23. Nb4 Qe5 24. Kh2 h5 25. Nxd3 Qe7 26. Ne2 a5 27. Rae1 b4
28. Nd4 Rc4 29. Qf2 Rbc8 30. Rc1 Qe8 31. Rxc4 Rxc4 32. b3 Rc3 33. Nb2 a4 34.
Nc4 axb3 35. axb3 Bb5 36. Nxd6 Qe5+ 37. f4 Qxd6 38. Nxb5 Qb8 39. Nxc3 bxc3 40.
Qd4 c2 41. e5 Nd7 42. Qc4 g5 43. Qxc2 gxf4 44. Qf5 Nxe5 45. Qxf4 f6 1-0

[Event "DVM U20 2013"]
[Site "Osnabrück GER"]
[Date "2013.12.30"]
[Round "7"]
[White "Bykov, Ilya"]
[Black "Carow, Annelen"]
[Result "1-0"]
[Termination "normal"]
[Board "7.2"]
[WhiteElo "1697"]
[BlackElo "2044"]
[WhiteTeam "Karlsruher SF 1853"]
[BlackTeam "Sfr.Heidesheim"]
[WhiteFideId "12918059"]
[BlackFideId "24692492"]
[EventCountry "GER"]
[EventRounds "7"]
[EventType "team-swiss"]
[EventDate "2013.12.26"]

1. d3 c5 2. g3 Nc6 3. Bg2 g6 4. Nf3 Bg7 5. Nbd2 b6 6. O-O Bb7 7. Nh4 d5 8. e4
Nf6 9. f4 dxe4 10. dxe4 O-O 11. c3 Rc8 12. e5 Ne8 13. Qg4 Qc7 14. Qh3 Rd8 15.
Ne4 Bc8 16. g4 f6 17. Be3 fxe5 18. f5 gxf5 19. Nxf5 Bxf5 20. gxf5 Bf6 21. Rf3
Kh8 22. Qh5 Nd6 23. Rh3 Rf7 24. Nxd6 exd6 25. Bxc6 d5 26. Kf2 d4 27. Bd2 e4 28.
Bxe4 dxc3 29. Bxc3 Bxc3 30. bxc3 Qf4+ 31. Qf3 Qd2+ 32. Qe2 Qf4+ 33. Qf3 Qd2+
34. Kg1 b5 35. Qe3 Rg8+ 36. Kh1 Qb2 37. Rb1 Qa3 38. Bd5 1-0

[Event "DVM U20 2013"]
[Site "Osnabrück GER"]
[Date "2013.12.30"]
[Round "7"]
[White "Joeres, Stefan"]
[Black "Beck, Michael"]
[Result "0-1"]
[Termination "normal"]
[Board "7.4"]
[WhiteElo "1477"]
[BlackElo "1958"]
[WhiteTeam "Karlsruher SF 1853"]
[BlackTeam "Sfr.Heidesheim"]
[WhiteFideId "12983160"]
[BlackFideId "1271924"]
[EventCountry "GER"]
[EventRounds "7"]
[EventType "team-swiss"]
[EventDate "2013.12.26"]

1. e4 e6 2. Nf3 d5 3. exd5 exd5 4. d4 Bd6 5. Bd3 Ne7 6. Nc3 c6 7. Ng5 h6 8. Nf3
Bg4 9. h3 Bh5 10. g4 Bg6 11. Be3 Nd7 12. Qd2 Qc7 13. O-O-O O-O-O 14. Rde1 Nf6
15. Nh4 Bxd3 16. Qxd3 g6 17. Re2 h5 18. Rhe1 hxg4 19. Bg5 Nfg8 20. hxg4 Bf4+
21. Bxf4 Qxf4+ 22. Qe3 Qxe3+ 23. Rxe3 Rxh4 24. Rxe7 Nxe7 25. Rxe7 Rxg4 26. Rxf7
Rxd4 27. f4 Rh8 28. b3 Rh4 29. f5 gxf5 30. Rxf5 Rdf4 31. Rg5 Rf7 32. Rg8+ Kc7
33. Ra8 a6 34. Rg8 Rh2 35. Kb1 b5 0-1

[Event "DVM U20 2013"]
[Site "Osnabrück GER"]
[Date "2013.12.30"]
[Round "7"]
[White "Luzius, Jannik"]
[Black "Joeres, Roman"]
[Result "1/2-1/2"]
[Termination "normal"]
[Board "7.5"]
[WhiteElo "1619"]
[BlackElo "1500"]
[WhiteTeam "Sfr.Heidesheim"]
[BlackTeam "Karlsruher SF 1853"]
[WhiteFideId "1271981"]
[BlackFideId "12964816"]
[EventCountry "GER"]
[EventRounds "7"]
[EventType "team-swiss"]
[EventDate "2013.12.26"]

1. Nf3 Nf6 2. c4 g6 3. g3 Bg7 4. Bg2 d5 5. O-O O-O 6. cxd5 Nxd5 7. Nc3 Nxc3 8.
dxc3 Nc6 9. Be3 Rb8 10. Qc1 b6 11. Bh6 e5 12. Bxg7 Kxg7 13. Rd1 Qe7 14. Qc2 f6
15. e3 Bb7 16. Rd2 Rfd8 17. Rad1 Rxd2 18. Rxd2 Rd8 19. Rxd8 Qxd8 20. Qd2 Qd6
21. Qxd6 cxd6 22. Nd2 Nd8 23. Bxb7 Nxb7 24. b4 d5 25. f3 Nd6 26. Kf2 Nb5 27.
Nb1 Kf7 28. a4 Nd6 29. Nd2 Ke6 30. Ke2 f5 31. h3 Nc4 32. Nxc4 dxc4 33. e4
1/2-1/2

[Event "DVM U20 2013"]
[Site "Osnabrück GER"]
[Date "2013.12.30"]
[Round "7"]
[White "Klek, Hanna Marie"]
[Black "Peng, Xiang-Tobias"]
[Result "1/2-1/2"]
[Termination "normal"]
[Board "8.1"]
[WhiteElo "2286"]
[BlackElo "1936"]
[WhiteTeam "SC Erlangen"]
[BlackTeam "Heilbronner SV"]
[WhiteFideId "24670057"]
[BlackFideId "12964328"]
[EventCountry "GER"]
[EventRounds "7"]
[EventType "team-swiss"]
[EventDate "2013.12.26"]

1. e4 e5 2. Nf3 Nc6 3. Bc4 Bc5 4. O-O Nf6 5. d3 d6 6. c3 Bg4 7. Nbd2 Qd7 8. b4
Bb6 9. a4 a6 10. Re1 O-O 11. Qb3 Nh5 12. a5 Ba7 13. b5 axb5 14. Bxb5 Bb6 15. d4
exd4 16. cxd4 Qc8 17. Bxc6 bxc6 18. Qc3 Qa6 19. Nb3 Ba7 20. h3 Bxf3 21. Qxf3
Qc4 22. Rb1 Rab8 23. Qxh5 Rxb3 24. Rxb3 Qxb3 25. Be3 c5 26. dxc5 Qc3 27. Rc1
Qxa5 28. Qf5 Qa4 29. cxd6 cxd6 30. Bxa7 Qxa7 31. Qd5 Qd7 32. Rc6 Rd8 33. g3 h6
1/2-1/2

[Event "DVM U20 2013"]
[Site "Osnabrück GER"]
[Date "2013.12.30"]
[Round "7"]
[White "Zhao, Kevin"]
[Black "Biefel, Christian"]
[Result "1-0"]
[Termination "normal"]
[Board "8.3"]
[WhiteElo "1867"]
[BlackElo "1764"]
[WhiteTeam "SC Erlangen"]
[BlackTeam "Heilbronner SV"]
[WhiteFideId "1271884"]
[BlackFideId "24692646"]
[EventCountry "GER"]
[EventRounds "7"]
[EventType "team-swiss"]
[EventDate "2013.12.26"]

1. d4 d5 2. c4 e6 3. Nc3 Nf6 4. cxd5 exd5 5. Bg5 Be7 6. e3 h6 7. Bh4 O-O 8. Bd3
b6 9. Qc2 Bb7 10. Nf3 Nbd7 11. O-O c5 12. dxc5 bxc5 13. Rfd1 Nb6 14. Na4 Nfd7
15. Bg3 Bc6 16. Nc3 Bf6 17. Nb5 c4 18. Bh7+ Kh8 19. Nbd4 Rc8 20. Nxc6 Rxc6 21.
Bf5 Re8 22. Nd4 Bxd4 23. Rxd4 g6 24. Bg4 Nf6 25. Bf3 Qc8 26. Rc1 Ree6 27. e4
Qe8 28. e5 Nfd7 29. Bxd5 Nxd5 30. Rxd5 Nxe5 31. Qc3 f6 32. Bxe5 Rxe5 33. Rd4
Re2 34. Kf1 Re4 35. Qd2 Rxd4 36. Qxd4 Rb6 37. Rxc4 Qb5 38. Kg1 Qe8 39. g3 Qe1+
40. Kg2 Re6 41. Qd8+ Re8 42. Qxf6+ Kg8 43. Qxg6+ Kh8 44. Qxh6+ Kg8 45. Qg6+ Kf8
46. Qf6+ Kg8 47. Rg4+ Kh7 48. Qh4# 1-0